English farming past and present (Record no. 85818)

MARC details
000 -LEADER
fixed length control field 00583cam a2200229 4500
008 - FIXED-LENGTH DATA ELEMENTS--GENERAL INFORMATION
fixed length control field 090401t1968 xxu||||| |||| 00| 0 eng d
020 ## - INTERNATIONAL STANDARD BOOK NUMBER
International Standard Book Number 0435322834
035 ## - SYSTEM CONTROL NUMBER
System control number (Sirsi) u2841
041 ## - LANGUAGE CODE
Language code of text/sound track or separate title eng
050 ## - LIBRARY OF CONGRESS CALL NUMBER
Classification number 630.09
-- 18
100 ## - MAIN ENTRY--PERSONAL NAME
Personal name Ernle, Rowland Edmund Prothero
Titles and words associated with a name Baron
245 ## - TITLE STATEMENT
Title English farming past and present
250 ## - EDITION STATEMENT
Edition statement 6th
260 ## - PUBLICATION, DISTRIBUTION, ETC.
Place of publication, distribution, etc. London
Name of publisher, distributor, etc. Heinemann Educational Books
Date of publication, distribution, etc. 1968
300 ## - PHYSICAL DESCRIPTION
Extent 559p. 22cm
350 ## - PRICE (NR) (BK AM CF MU VM SE) [OBSOLETE]
Price 3.15
700 ## - ADDED ENTRY--PERSONAL NAME
Personal name Fussell, G. E.
700 ## - ADDED ENTRY--PERSONAL NAME
Personal name McGregor, O. R.
700 ## - ADDED ENTRY--PERSONAL NAME
Personal name Hall
Relator term Sir, Daniel
942 ## - ADDED ENTRY ELEMENTS (KOHA)
Suppress in OPAC 0
948 ## - LOCAL PROCESSING INFORMATION (OCLC); SERIES PART DESIGNATOR (RLIN)
c (OCLC) 04/03/1997
Holdings
Withdrawn status Lost status Source of classification or shelving scheme Damaged status Not for loan Home library Current library Shelving location Date acquired Cost, normal purchase price Total Checkouts Full call number Barcode Date last seen Copy number Cost, replacement price Price effective from Koha item type
    Dewey Decimal Classification     London London Basement 14/09/1999 3.15   SHELF 202 30018986 06/08/2019 1 3.15 06/08/2019 Book